|
|
|
|
| LEADER |
00000nab a2200000 a 4500 |
| 001 |
vtls009171262 |
| 003 |
SK-MaSNL |
| 005 |
20260304163443.0 |
| 008 |
250507c2007 xo mr|p|||||||000 b|slo |
| 015 |
|
|
|a SNBRB2008/01
|2 snkbucl
|
| 035 |
|
|
|a (uuid)be43d7b1-4fec-4946-8c56-b0923bd3ea50
|
| 035 |
|
|
|a urn:nbn:sk:snk-ab9x5d
|
| 035 |
|
|
|a (urnnbn)urn:nbn:sk:snk:ar-a0935v
|
| 038 |
|
|
|a SNKBUCL
|
| 040 |
|
|
|a SNKBUCL
|b slo
|c SNKBUCL
|e AACR2
|
| 041 |
0 |
|
|a slo
|
| 044 |
|
|
|a xo
|c SK
|
| 080 |
|
|
|a 82(091):821.162.4"19"
|x (048)
|2 1997
|
| 080 |
|
|
|a 821.162.4
|x (091)
|x "19"
|x (048)
|2 1997
|
| 080 |
|
|
|a 82.02:821.162.4
|x (048)
|2 1997
|
| 080 |
|
|
|a 82.033:821.162.4-3
|x (048)
|2 1997
|
| 080 |
|
|
|a 821.162.4-3.033
|x (048)
|2 1997
|
| 100 |
1 |
|
|a Kendra, Milan,
|d 1979-
|4 aut
|9 79219
|
| 245 |
1 |
0 |
|a Medzi realitou a snom, dejinami a mýtom
|c Milan Kendra
|
| 648 |
|
7 |
|a 20. stor., 1. polovica
|2 snkbucl
|9 323585
|
| 650 |
0 |
7 |
|a slovenská literatúra
|x dejiny
|y 20. stor., 1. polovica
|2 snkbucl
|9 1075272
|
| 650 |
0 |
7 |
|a slovenská próza
|x naturizmus
|2 snkbucl
|9 1075273
|
| 650 |
0 |
7 |
|a naturizmus (literatúra)
|2 snkbucl
|9 198805
|
| 650 |
0 |
7 |
|a próza naturizmu, slovenská
|2 snkbucl
|9 93152
|
| 650 |
0 |
7 |
|a štúdie
|2 snkbucl
|9 92810
|
| 655 |
|
7 |
|a recenzie
|2 snkbucl
|9 21907
|
| 773 |
0 |
|
|t RAK
|g Roč. XII, č. 8 (2007), s. 41-44
|x 1335-1702
|
| 787 |
0 |
8 |
|i Rec.:
|a Šútovec, Milan, 1940-
|t Mýtus a dejiny v próze naturizmu
|d Bratislava : Literárne informačné centrum, 2005
|z 8088878985
|
| 850 |
|
|
|a Slovenská národná knižnica
|
| 852 |
|
|
|a Slovenská národná knižnica
|
| 958 |
|
|
|a article13
|
| 958 |
|
|
|a OND
|
| 958 |
|
|
|a LX
|
| 958 |
|
|
|a RC
|
| 958 |
|
|
|a SK
|
| 958 |
|
|
|a EUIPO
|
| 999 |
|
|
|c 2977720
|d 2979650
|